000 01186nam a22001937a 4500
999 _c59844
_d59844
003 Ge_BSU
005 20230427145951.0
008 230427s1989ge xxu||||| |||| 00| 0 geo d
041 _ageo
080 _a821.353.1-92 ჟ-84
100 _aჟორდანია, ნოე, 1870-1953, ავტორი.
_917843
245 _aწიგნი ოჯახში საკითხავი /
_c ნოე ჟორდანია ; რედ. ნუგზარ შატაიძე, წიგნი დასაბეჭდად მოამზადა და წინასიტყვაობა დაურთო გურამ შარაძემ.
264 _aთბილისი :
_bმერანი,
_c1989.
300 _a149 გვ. ;
_b16 სმ.
653 _aქართული პუბლიცისტური ლიტერატურა.
700 _aშატაიძე, ნუგზარ
_eრედაქტორი
_917844
700 _aშარაძე, გურამ
_eწიგნი დასაბეჭდად მოამზადა და წინასიტყვაობა დაურთო
_91431
942 _2udc
_cBK